| 000 | 00905nam a2200289Ia 4500 | ||
|---|---|---|---|
| 001 | Para_7416 | ||
| 003 | CHAP | ||
| 008 | 220125s1924 xx 000 0 und d | ||
| 010 | _a206283 | ||
| 040 | _cCHAP | ||
| 082 | _aPA-C 632.3 B85 | ||
| 100 |
_aHucker, G.J. _956621 |
||
| 245 |
_aStudies on the coccaceae : _b a study of the general characters of the micrococci / _c by G.J. Hucker |
||
| 260 |
_aGenova : _b N.Y. : _b New York State Agricultural Experiment Station |
||
| 300 | _a83 p. | ||
| 440 |
_aTechnical bulletin; 100 _9172551 |
||
| 500 | _aEncuadernado con otros impresos similares | ||
| 650 |
_aCoccaceae _9172552 |
||
| 650 |
_aCultivos _x enfermedades _x colecciones de escritos _9172553 |
||
| 901 | _aPA-C 632.3 B85 | ||
| 902 | _aA | ||
| 905 | _a0000001924 0000000000 00 | ||
| 910 | _a1924 | ||
| 942 | _cPARA | ||
| 942 |
_cPARA _d1 |
||
| 999 |
_c206283 _d206283 |
||